Vlak v kukuričnom poli

Bibliographic Details
Main Author: Holoubek, Jaroslav, 1946-2016 (Author)
Format: Article
Language:Czech
Subjects:

MARC

LEADER 00000nab a2200000 a 4500
001 vtls000067272
003 SK-MaSNL
005 20260304014216.0
008 241209c1980 xo 0 cze
015 |a SNBRB19rr/mm-uuuuu 
035 |a CL0077372 
040 |a SNKBUCL  |b slo  |c SNKBUCL  |e AACR2 
041 0 |a cze 
044 |a xo  |c SK 
080 |a 885.0-1  |2 1981 
100 1 |a Holoubek, Jaroslav,  |d 1946-2016  |4 aut  |9 211531 
245 1 0 |a Vlak v kukuričnom poli  |c Jaroslav Holoubek 
655 7 |a česká poézia  |2 snkbucl  |9 70569 
655 7 |a články z novín a časopisov  |2 snkbucl  |9 267496 
655 7 |a články z odboru literárna veda a krásna literatúra  |2 snkbucl  |9 770045 
773 0 |t Dievča  |g Roč. 12, č. 3 (1980), s. /24/ 
850 |a Slovenská národná knižnica 
852 |a Slovenská národná knižnica 
958 |a RK 
958 |a CZ 
958 |a LX 
958 |a SK 
992 |a RBX 
999 |c 2582467  |d 2584397